| 000 | 00623nam a2200241Ia 4500 | ||
|---|---|---|---|
| 003 | OSt | ||
| 005 | 20220918111907.0 | ||
| 006 | a|||||r|||| 00| 0 | ||
| 007 | ta | ||
| 008 | 220915b |||||||| |||| 00| 0 eng d | ||
| 024 | _a96388 | ||
| 037 | _cTextbook | ||
| 040 |
_beng _aARTS _cARTS |
||
| 041 | _aeng | ||
| 082 | _aU8:687wN0, J4 (906) | ||
| 100 |
_aWild J.V. _911025 |
||
| 245 | 0 | _aEarly travellers in Acholi | |
| 260 |
_aNA _bNA |
||
| 490 | _aEarly travellers in East Africa | ||
| 650 | _aGEOGRAPHY | ||
| 942 |
_hU8:687wN0, J4 (906) _cTB _2CC |
||
| 999 |
_c117069 _d117069 |
||